000 00530nam a2200157 a 4500
008 120416s1979 ||||||||||||||||| || u
050 _aQK 625.A1C6 Col
100 _aCole, Garry T
245 1 0 _aPatterns of development in conidial fungi
260 _aLondon
_bPitman
_c1979
300 _axi, 190p. : ill.
350 _a0.00
650 _aFungi
650 _aPLANTS
995 _D0.00
_FCBU-MAIN LIBRARY (Kitwe)
_H1
_I0.00
_M1
_UAVAILABLE
_ZMain Library Open Access Collection
999 _c53218
_d53218